[Event "Sjakk1.no Bergen Sommer NGP 2018"]
[Site "Kulturhuset Danckert Krohn, B"]
[Date "2018.07.27"]
[Round "1"]
[White "Fossan, Petter"]
[Black "Drønen, Ole Reza"]
[Result "1-0"]
[WhiteElo "2321"]
[BlackElo "1743"]
[PlyCount "75"]
[EventDate "2018.??.??"]

1. e4 d6 2. d4 Nf6 3. Nc3 e5 4. Nf3 Nbd7 5. Bc4 Be7 6. O-O c6 7. a4 Qc7 8. h3
h6 9. Be3 Nf8 10. Ba2 g5 11. Nh2 Ng6 12. f3 a5 13. Qe2 Nf4 14. Qc4 Bd8 15. Rfd1
Be6 16. Qf1 Bxa2 17. Rxa2 Qc8 18. Ne2 Nxe2+ 19. Qxe2 Nh5 20. dxe5 Qe6 21. b3
dxe5 22. Ng4 Bc7 23. Bc5 b6 24. Ba3 f6 25. Ne3 Nf4 26. Qf1 Kf7 27. Nf5 Rad8 28.
Rxd8 Bxd8 29. Ra1 c5 30. Rd1 Bc7 31. g3 Ng6 32. Qb5 Nf8 33. Qa6 Rh7 34. c4 Kg6
35. Qa8 Rd7 36. Rd5 Rxd5 37. cxd5 Qf7 38. Qc8 1-0

[Event "Sjakk1.no Bergen Sommer NGP 2018"]
[Site "Kulturhuset Danckert Krohn, B"]
[Date "2018.07.27"]
[Round "1"]
[White "Opsal, Ole Magne"]
[Black "Riisem, Øyvind"]
[Result "0-1"]
[WhiteElo "1732"]
[BlackElo "2231"]
[PlyCount "81"]
[EventDate "2018.??.??"]

1. c4 e5 2. Nc3 Bb4 3. d3 Bxc3+ 4. bxc3 d6 5. g3 Nc6 6. Bg2 Nge7 7. e4 O-O 8.
Ne2 Qe8 9. O-O f5 10. f4 fxe4 11. Bxe4 Bh3 12. Bg2 Qh5 13. fxe5 Bg4 14. Re1
Nxe5 15. Bf4 Nf3+ 16. Bxf3 Bxf3 17. Qd2 Ng6 18. Be3 Ne5 19. Nf4 Bc6 20. Nxh5
Nf3+ 21. Kf2 Nxd2+ 22. Ke2 Nf3 23. Rf1 Nxh2 24. Rxf8+ Rxf8 25. Nf4 Re8 26. Kd2
Nf3+ 27. Ke2 Ne5 28. Kd2 Bf3 29. Bd4 g5 30. Nh3 h6 31. Re1 Bg4 32. Bxe5 Rxe5
33. Rxe5 dxe5 34. Nf2 Bf5 35. d4 h5 36. Ke3 Kf7 37. dxe5 c5 38. a3 Ke6 39. g4
hxg4 40. Nh1 Kxe5 41. Ng3 0-1

[Event "Sjakk1.no Bergen Sommer NGP 2018"]
[Site "Kulturhuset Danckert Krohn, B"]
[Date "2018.07.27"]
[Round "1"]
[White "Martinsen, Stig K"]
[Black "Eiken, Gunnar"]
[Result "1-0"]
[WhiteElo "2189"]
[BlackElo "1631"]
[PlyCount "95"]
[EventDate "2018.??.??"]

1. d4 Nf6 2. c4 c5 3. d5 b5 4. cxb5 a6 5. e3 d6 6. Nc3 g6 7. Nf3 Bg7 8. a4 O-O
9. e4 axb5 10. Bxb5 Ba6 11. Qc2 Nbd7 12. O-O Bxb5 13. Nxb5 Nb8 14. Bd2 Na6 15.
Rfe1 Nc7 16. Nxc7 Qxc7 17. b4 Ne8 18. Rac1 Qa7 19. a5 cxb4 20. Bxb4 Nf6 21. Qc7
Rfb8 22. Qxa7 Rxa7 23. Bd2 Nd7 24. Rc4 Nc5 25. Rec1 h6 26. e5 Nb3 27. Rb1 Rbb7
28. Rc8+ Kh7 29. Bc3 Nxa5 30. Rxb7 Rxb7 31. Bxa5 Rb1+ 32. Be1 Bxe5 33. Kf1 Bf6
34. Rc2 Rd1 35. Rd2 Rb1 36. Rd3 Kg7 37. g3 g5 38. Nd2 Rb5 39. Ne4 Be5 40. Ke2
f5 41. Nd2 Kf6 42. h3 Bb2 43. Nc4 Be5 44. Nxe5 dxe5 45. Bc3 f4 46. g4 Rc5 47.
Kd2 Rc4 48. d6 1-0

[Event "Sjakk1.no Bergen Sommer NGP 2018"]
[Site "Kulturhuset Danckert Krohn, B"]
[Date "2018.07.27"]
[Round "1"]
[White "Sivertsen, Jarle"]
[Black "Frisvold, Ole Emil"]
[Result "0-1"]
[WhiteElo "1596"]
[BlackElo "2147"]
[PlyCount "86"]
[EventDate "2018.??.??"]

1. d4 d5 2. Bf4 Nf6 3. e3 c5 4. Nd2 Nc6 5. c3 Bg4 6. Ngf3 e6 7. Bd3 Bd6 8. Bg3
O-O 9. O-O Bxg3 10. hxg3 e5 11. dxe5 Nxe5 12. Be2 Qc7 13. Nxe5 Bxe2 14. Qxe2
Qxe5 15. Rfd1 Rfe8 16. Qf3 Rad8 17. Qf4 Qh5 18. Qc7 Qe2 19. Nf3 Rd7 20. Qf4 Ne4
21. Ne5 g5 22. Qf5 Rxe5 23. Qxe5 Qxf2+ 24. Kh2 Rd6 25. Qe8+ Kg7 26. Qe5+ Kf8
27. Qh8+ Ke7 28. Qxh7 Qxg3+ 29. Kg1 g4 30. Re1 Ng5 31. Qg7 Nf3+ 32. Kf1 Rf6 33.
gxf3 Qxf3+ 34. Kg1 Qg3+ 35. Kh1 Qh3+ 36. Kg1 Qg3+ 37. Kh1 Qf3+ 38. Kg1 Qf2+ 39.
Kh1 g3 40. Qxf6+ Kxf6 41. Rf1 g2+ 42. Kh2 g1=Q+ 43. Kh3 Qgg3# 0-1

[Event "Sjakk1.no Bergen Sommer NGP 2018"]
[Site "Kulturhuset Danckert Krohn, B"]
[Date "2018.07.27"]
[Round "1"]
[White "Fossan, Andreas"]
[Black "Murugesh, Niran-Jan"]
[Result "1-0"]
[WhiteElo "2024"]
[BlackElo "1568"]
[PlyCount "77"]
[EventDate "2018.??.??"]

1. d4 Nf6 2. c4 g6 3. Nc3 Bg7 4. e4 d6 5. f3 O-O 6. Be3 Nbd7 7. Nge2 c5 8. Qd2
cxd4 9. Nxd4 a5 10. Be2 Nc5 11. O-O a4 12. Rac1 Bd7 13. Rfd1 Qa5 14. Bf1 Rfc8
15. Bg5 Ne6 16. Be3 Nc5 17. g3 Ne6 18. Qf2 Nc5 19. Ndb5 Ne8 20. Nd5 Qd8 21. Bg5
f6 22. Be3 Bc6 23. Bxc5 Bxb5 24. Bb6 Qd7 25. cxb5 e6 26. Nb4 f5 27. exf5 gxf5
28. Bd4 e5 29. Bc3 Nc7 30. Nd5 Nxd5 31. Rxd5 e4 32. fxe4 fxe4 33. Rg5 Rxc3 34.
bxc3 Rf8 35. Bc4+ d5 36. Bxd5+ Qxd5 37. Qxf8+ Kxf8 38. Rxd5 Bxc3 39. Rxc3 1-0

[Event "Sjakk1.no Bergen Sommer NGP 2018"]
[Site "Kulturhuset Danckert Krohn, B"]
[Date "2018.07.27"]
[Round "1"]
[White "Johannessen, Heine N"]
[Black "Bjugn, Gisle"]
[Result "1/2-1/2"]
[WhiteElo "1565"]
[BlackElo "1860"]
[PlyCount "177"]
[EventDate "2018.??.??"]

1. e4 c6 2. Nf3 d5 3. exd5 cxd5 4. Ne5 Nc6 5. d4 Nf6 6. Bb5 Bd7 7. Nxd7 Qxd7 8.
c3 a6 9. Bd3 Qe6+ 10. Be3 Ng4 11. Qe2 Nxe3 12. fxe3 g6 13. e4 Bg7 14. Nd2 O-O
15. O-O Rad8 16. Nf3 dxe4 17. Qxe4 Qxe4 18. Bxe4 e6 19. Rad1 Rd7 20. Rfe1 Rfd8
21. Bxc6 bxc6 22. Ne5 Rc7 23. Nd3 a5 24. Nc5 Rd5 25. b3 e5 26. Re4 f5 27. Ree1
exd4 28. Ne6 Rcd7 29. Nxg7 Kxg7 30. Rxd4 Rxd4 31. cxd4 Rxd4 32. Rc1 a4 33. Rxc6
Rd1+ 34. Kf2 Rd2+ 35. Kf3 Rxa2 36. bxa4 Rxa4 37. Rc3 Kf6 38. h3 Kg5 39. g3 Ra1
40. Rb3 Rh1 41. Kg2 Rd1 42. Kf3 Rd7 43. Ra3 Kh5 44. h4 Rd4 45. Rb3 h6 46. Ra3
g5 47. hxg5 hxg5 48. Rb3 Ra4 49. Rc3 Ra2 50. g4+ fxg4+ 51. Kg3 Ra6 52. Rb3 Rf6
53. Rb8 Rf3+ 54. Kg2 Rf4 55. Kg3 Rd4 56. Rh8+ Kg6 57. Rg8+ Kf6 58. Rf8+ Kg7 59.
Ra8 Kf7 60. Ra7+ Kf6 61. Ra6+ Kf5 62. Ra5+ Kg6 63. Ra6+ Kh5 64. Ra3 Rf4 65. Ra8
Re4 66. Rh8+ Kg6 67. Rg8+ Kf6 68. Rf8+ Kg7 69. Ra8 Kf7 70. Ra7+ Kf6 71. Ra6+
Kf5 72. Ra5+ Re5 73. Rxe5+ Kxe5 74. Kxg4 Kf6 75. Kg3 Kf5 76. Kf3 g4+ 77. Kg3
Kg5 78. Kg2 Kh4 79. Kh2 g3+ 80. Kg2 Kg4 81. Kg1 Kg5 82. Kg2 Kf4 83. Kg1 Kf3 84.
Kf1 Kg4 85. Kg2 Kh4 86. Kg1 Kh3 87. Kh1 g2+ 88. Kg1 Kh4 89. Kxg2 1/2-1/2

[Event "Sjakk1.no Bergen Sommer NGP 2018"]
[Site "Kulturhuset Danckert Krohn, B"]
[Date "2018.07.27"]
[Round "1"]
[White "Larsen, Stig Børje"]
[Black "Rynning, Rune Kleiven"]
[Result "1/2-1/2"]
[WhiteElo "1836"]
[BlackElo "1550"]
[PlyCount "113"]
[EventDate "2018.??.??"]

1. e4 c5 2. Nc3 Nc6 3. f4 g6 4. Nf3 Bg7 5. Bb5 Nd4 6. O-O Nxb5 7. Nxb5 d6 8. c4
e6 9. Kh1 Ne7 10. d4 a6 11. Nc3 O-O 12. Be3 Qa5 13. Qd2 Nc6 14. Rad1 cxd4 15.
Nxd4 Nxd4 16. Bxd4 e5 17. Be3 exf4 18. Bxf4 Bg4 19. Nd5 Qxa2 20. Ra1 Qxb2 21.
Qxb2 Bxb2 22. Rab1 Bg7 23. Bxd6 Rfd8 24. Bc7 Re8 25. e5 Be2 26. Nf6+ Bxf6 27.
Rxf6 Bxc4 28. Rxb7 Re7 29. Rfb6 Rc8 30. Bd6 Rxb7 31. Rxb7 Bd5 32. Rb8 Rxb8 33.
Bxb8 Kf8 34. Bc7 Ke7 35. Kg1 Kd7 36. Ba5 Kc6 37. Kf2 Kb5 38. Bc3 a5 39. g3 a4
40. Ke3 Kc4 41. Ba1 Kb3 42. Kd2 Ka2 43. Bc3 Kb1 44. Bb4 Kb2 45. Bc3+ Kb3 46.
Bd4 g5 47. h4 g4 48. Bc3 Kc4 49. Ba1 Be6 50. Bb2 Kd5 51. Ke3 Bf5 52. Ba1 a3 53.
Bc3 a2 54. Ba1 Kc4 55. Kd2 Be4 56. Bb2 Bb1 57. Ba1 1/2-1/2

[Event "Sjakk1.no Bergen Sommer NGP 2018"]
[Site "Kulturhuset Danckert Krohn, B"]
[Date "2018.07.27"]
[Round "1"]
[White "Lura, Njål"]
[Black "Dyrhovden, Sigve"]
[Result "0-1"]
[WhiteElo "1542"]
[BlackElo "1819"]
[PlyCount "72"]
[EventDate "2018.??.??"]

1. c4 c6 2. g3 Nf6 3. Bg2 d5 4. Nf3 g6 5. b3 Bg7 6. Bb2 O-O 7. O-O Qb6 8. Nc3
dxc4 9. Na4 Qd8 10. bxc4 Nbd7 11. Rb1 Re8 12. d4 Nb6 13. Nxb6 Qxb6 14. Ba1 Qa6
15. Qb3 Ne4 16. Rfd1 Nd6 17. c5 Nb5 18. e3 Be6 19. d5 Bxd5 20. Rxd5 Bxa1 21.
Rdd1 Bf6 22. a4 Nc3 23. Bf1 Qa5 24. Rbc1 Nxd1 25. Qxd1 Red8 26. Qb3 Qc7 27. Bc4
e6 28. Kg2 Qe7 29. a5 a6 30. h4 h5 31. Rc2 Rd7 32. Kh2 Rad8 33. Rc1 Kg7 34. Kg2
Qxc5 35. Ng5 Bxg5 36. hxg5 Qxg5 0-1

[Event "Sjakk1.no Bergen Sommer NGP 2018"]
[Site "Kulturhuset Danckert Krohn, B"]
[Date "2018.07.27"]
[Round "2"]
[White "Frisvold, Ole Emil"]
[Black "Fossan, Petter"]
[Result "0-1"]
[WhiteElo "2147"]
[BlackElo "2321"]
[PlyCount "57"]
[EventDate "2018.??.??"]

1. d4 e6 2. Nf3 Nf6 3. g3 c5 4. c4 cxd4 5. Nxd4 Bb4+ 6. Bd2 Be7 7. Bg2 Nc6 8.
Bc3 O-O 9. O-O d5 10. cxd5 Nxd5 11. Nxc6 bxc6 12. Qc2 Qb6 13. Bd2 Rb8 14. b3
Ba6 15. Nc3 Rfd8 16. Na4 Qd4 17. Ba5 Rdc8 18. Rfd1 Qe5 19. Be4 Nf6 20. Bxh7+
Nxh7 21. Bc3 Qxe2 22. Rd2 Qf3 23. h4 Nf6 24. Re1 c5 25. Re3 Qg4 26. f3 Qxg3+
27. Rg2 Qh3 28. Re5 Qxf3 29. Rf2 0-1

[Event "Sjakk1.no Bergen Sommer NGP 2018"]
[Site "Kulturhuset Danckert Krohn, B"]
[Date "2018.07.28"]
[Round "2"]
[White "Riisem, Øyvind"]
[Black "Fossan, Andreas"]
[Result "1-0"]
[WhiteElo "2231"]
[BlackElo "2024"]
[PlyCount "69"]
[EventDate "2018.??.??"]

1. d4 Nf6 2. c4 e6 3. Nc3 Bb4 4. f3 d5 5. a3 Bxc3+ 6. bxc3 c5 7. cxd5 Nxd5 8.
dxc5 Qa5 9. e4 Nf6 10. Be3 O-O 11. Qb3 Nfd7 12. Bb5 Qc7 13. Qb4 Nc6 14. Bxc6
Qxc6 15. Ne2 e5 16. c4 b6 17. cxb6 axb6 18. Nc3 Ba6 19. Rd1 Rfd8 20. Nb5 Nc5
21. O-O Bb7 22. Rd5 Nd3 23. Qb3 Nf4 24. Rxd8+ Rxd8 25. Rd1 Rxd1+ 26. Qxd1 h6
27. g3 Ng6 28. Qd8+ Kh7 29. Qxb6 Qd7 30. Qd6 Qc8 31. Qc7 Qa8 32. Qxf7 Bc6 33.
Nd6 Qxa3 34. Nf5 Qa1+ 35. Kg2 1-0

[Event "Sjakk1.no Bergen Sommer NGP 2018"]
[Site "Kulturhuset Danckert Krohn, B"]
[Date "2018.07.28"]
[Round "2"]
[White "Helliesen, Lykke-Merlot"]
[Black "Martinsen, Stig K"]
[Result "0-1"]
[WhiteElo "1514"]
[BlackElo "2189"]
[PlyCount "76"]
[EventDate "2018.??.??"]

1. d4 d6 2. c4 f5 3. Nf3 Nf6 4. Nc3 g6 5. e3 Bg7 6. Bd3 O-O 7. O-O Nc6 8. a3 e5
9. d5 Ne7 10. e4 f4 11. h3 h6 12. b4 g5 13. Nh2 a6 14. a4 h5 15. Be2 Qe8 16. g4
fxg3 17. fxg3 Qg6 18. Kg2 Nxe4 19. Rxf8+ Bxf8 20. Nxe4 Qxe4+ 21. Kf2 Bxh3 22.
Nf3 Qf5 23. Ke1 Bh6 24. Qd2 Rf8 25. Ra3 Rf6 26. Qb2 Bg4 27. Re3 Qg6 28. b5 axb5
29. Qxb5 b6 30. Qb3 Nf5 31. Rc3 e4 32. Nd2 Bxe2 33. Kxe2 Nd4+ 34. Kd1 Nxb3 35.
Rxb3 h4 36. g4 Rf4 37. Re3 Rxg4 38. Kc2 Bg7 0-1

[Event "Sjakk1.no Bergen Sommer NGP 2018"]
[Site "Kulturhuset Danckert Krohn, B"]
[Date "2018.07.28"]
[Round "2"]
[White "Bjugn, Gisle"]
[Black "Hestholm, Gustav"]
[Result "1-0"]
[WhiteElo "1860"]
[BlackElo "1589"]
[PlyCount "99"]
[EventDate "2018.??.??"]

1. d4 Nf6 2. Bf4 c5 3. e3 d5 4. c3 e6 5. Nf3 Nc6 6. Nbd2 cxd4 7. exd4 Bd6 8.
Bg3 O-O 9. Be2 Bxg3 10. hxg3 Qc7 11. O-O Bd7 12. Re1 Rac8 13. a4 Rfd8 14. Bd3
Qb8 15. Ne5 a6 16. a5 Qc7 17. Nxc6 Bxc6 18. Qb3 Rb8 19. Qa3 Qd6 20. Nf3 Qxa3
21. Rxa3 Rd6 22. Rb3 h6 23. Bxa6 Ra8 24. Bxb7 Bxb7 25. Rxb7 Rxa5 26. Ne5 Rda6
27. f3 Ra7 28. Rb8+ Kh7 29. Kf2 g6 30. Nc6 Ra8 31. Rb7 R5a6 32. Rxf7+ Kg8 33.
Rxf6 Rxc6 34. Rexe6 Rc7 35. Rxg6+ Kf7 36. Rxh6 Rca7 37. Rb6 Ra2 38. Rb7+ Kg8
39. Rg6+ Kf8 40. Rd6 R2a5 41. g4 Kg8 42. f4 Kf8 43. Kf3 Kg8 44. g5 Kf8 45. f5
Kg8 46. Kf4 Ra1 47. g6 Rf1+ 48. Kg5 Rf8 49. g4 Rf2 50. Rdd7 1-0

[Event "Sjakk1.no Bergen Sommer NGP 2018"]
[Site "Kulturhuset Danckert Krohn, B"]
[Date "2018.07.28"]
[Round "2"]
[White "Dyrhovden, Sigve"]
[Black "Larsen, Stig Børje"]
[Result "0-1"]
[WhiteElo "1819"]
[BlackElo "1836"]
[PlyCount "63"]
[EventDate "2018.??.??"]

1. d4 g6 2. g3 Bg7 3. Bg2 c5 4. d5 d6 5. e4 e5 6. Ne2 Nf6 7. O-O O-O 8. c4 Nbd7
9. Nbc3 Nb6 10. Qd3 Nh5 11. a4 Bd7 12. a5 Nc8 13. Be3 f5 14. f4 Qe8 15. fxe5
Qxe5 16. Rae1 a6 17. Qd2 b5 18. axb6 Nxb6 19. Qd3 fxe4 20. Bxe4 Rxf1+ 21. Rxf1
Re8 22. Bf2 Nf6 23. Bg2 Bf5 24. Qd1 Nxc4 25. Qa1 Ne3 26. Qxa6 Nxf1 27. Kxf1 Ng4
28. Bg1 Ne3+ 29. Bxe3 Qxe3 30. Qa1 Bxc3 31. bxc3 Qxe2+ 32. Kg1 0-1

[Event "Sjakk1.no Bergen Sommer NGP 2018"]
[Site "Kulturhuset Danckert Krohn, B"]
[Date "2018.07.28"]
[Round "2"]
[White "Drønen, Ole Reza"]
[Black "Sivertsen, Jarle"]
[Result "1-0"]
[WhiteElo "1743"]
[BlackElo "1596"]
[PlyCount "118"]
[EventDate "2018.??.??"]

1. f4 d5 2. Nf3 g6 3. e3 Bg7 4. Be2 Nf6 5. O-O O-O 6. d3 b6 7. Qe1 Bb7 8. Ne5
Nbd7 9. Nxd7 Qxd7 10. Bf3 c5 11. Kh1 Rae8 12. Qg3 Qf5 13. Qh4 h5 14. h3 Nh7 15.
Nc3 Bxc3 16. bxc3 Qf6 17. Qe1 e5 18. f5 Qxf5 19. e4 Qe6 20. Bh6 dxe4 21. dxe4
Rd8 22. Bxf8 Kxf8 23. Qh4 Qe7 24. Qxe7+ Kxe7 25. Rad1 Rxd1 26. Rxd1 Nf6 27. Re1
g5 28. g3 Bc6 29. Kg1 Bd7 30. Bg2 Be6 31. a3 Ne8 32. Kf2 Nd6 33. Bf1 Kd7 34.
Ke3 Kc6 35. h4 g4 36. Rb1 Bc4 37. a4 a5 38. Bxc4 Nxc4+ 39. Kd3 Nd6 40. c4 f5
41. exf5 Nxf5 42. Ke4 Nxg3+ 43. Kxe5 Ne2 44. Re1 Nd4 45. Kf4 Kd6 46. Re5 g3 47.
Rd5+ Ke6 48. Kxg3 b5 49. Rxh5 bxa4 50. Rxc5 Nxc2 51. Rxa5 a3 52. h5 Kf6 53. c5
Ne3 54. Rxa3 Nf5+ 55. Kf4 Nd4 56. Ra6+ Kf7 57. c6 Ke7 58. h6 Ne6+ 59. Ke5 Nf8
1-0

[Event "Sjakk1.no Bergen Sommer NGP 2018"]
[Site "Kulturhuset Danckert Krohn, B"]
[Date "2018.07.28"]
[Round "2"]
[White "Eiken, Gunnar"]
[Black "Lura, Njål"]
[Result "0-1"]
[WhiteElo "1631"]
[BlackElo "1542"]
[PlyCount "50"]
[EventDate "2018.??.??"]

1. e4 c6 2. d4 d5 3. exd5 cxd5 4. Bd3 Nc6 5. c3 g6 6. Ne2 Bf5 7. Bxf5 gxf5 8.
Ng3 Qd7 9. Bf4 Nf6 10. f3 e6 11. Nd2 Bd6 12. Bxd6 Qxd6 13. Qb3 O-O 14. O-O Kh8
15. Rac1 b6 16. Qd1 Rg8 17. Qe1 Qf4 18. Qf2 Qg5 19. f4 Qh6 20. Qf3 Rg4 21. Ne2
Rag8 22. Rf2 Ne7 23. Kh1 Ne4 24. Nxe4 fxe4 25. Qe3 Nf5 0-1

[Event "Sjakk1.no Bergen Sommer NGP 2018"]
[Site "Kulturhuset Danckert Krohn, B"]
[Date "2018.07.28"]
[Round "2"]
[White "Rynning, Rune Kleiven"]
[Black "Johannessen, Heine N"]
[Result "0-1"]
[WhiteElo "1550"]
[BlackElo "1565"]
[PlyCount "126"]
[EventDate "2018.??.??"]

1. e4 c5 2. Nf3 g6 3. d4 cxd4 4. Nxd4 Nc6 5. Nc3 Bg7 6. Be3 Nf6 7. Be2 O-O 8.
O-O d5 9. exd5 Nxd5 10. Nxc6 bxc6 11. Bd4 Nxc3 12. bxc3 Be6 13. Bxg7 Kxg7 14.
Qd4+ Kg8 15. Rfd1 Qc7 16. Qc5 Rac8 17. Rd4 Rfd8 18. Rad1 Rd5 19. Qa3 Rcd8 20.
Bf3 R5d7 21. Qc5 Bd5 22. Be2 e5 23. Rb4 Be6 24. Rxd7 Rxd7 25. a4 Rd2 26. Bf3
Rxc2 27. g3 Bh3 28. Qe3 Qd6 29. Rh4 Bf5 30. Qh6 Qc5 31. Qxh7+ Kf8 32. Qh6+ Ke8
33. Qe3 Qxe3 34. Bxc6+ Bd7 35. Bxd7+ Kxd7 36. fxe3 Rxc3 37. Kf2 Ke6 38. h3 f5
39. Rb4 Ra3 40. Kf3 Ra2 41. g4 Kf6 42. h4 fxg4+ 43. Rxg4 Ra3 44. Rc4 Kf5 45.
Re4 Ra1 46. Rc4 Rf1+ 47. Kg3 Rg1+ 48. Kf3 e4+ 49. Kf2 Ra1 50. Rc5+ Kg4 51. Rc4
Ra2+ 52. Ke1 Kf3 53. Rc3 Rxa4 54. Kd1 Ra2 55. Rc6 Kxe3 56. Rxg6 Rh2 57. Rh6 a5
58. Ra6 Kd3 59. Rd6+ Kc4 60. Rh6 a4 61. h5 a3 62. Ra6 a2 63. h6 Rh1+ 0-1

[Event "Sjakk1.no Bergen Sommer NGP 2018"]
[Site "Kulturhuset Danckert Krohn, B"]
[Date "2018.07.28"]
[Round "3"]
[White "Fossan, Petter"]
[Black "Riisem, Øyvind"]
[Result "1-0"]
[WhiteElo "2321"]
[BlackElo "2231"]
[PlyCount "59"]
[EventDate "2018.??.??"]

1. e4 d6 2. d4 Nf6 3. Nc3 c6 4. f4 Qa5 5. Bd3 e5 6. Nf3 Bg4 7. Be3 Nbd7 8. O-O
Be7 9. Qe1 Bxf3 10. gxf3 Bd8 11. a3 exd4 12. b4 Qh5 13. Bxd4 Qh6 14. e5 dxe5
15. fxe5 Nh5 16. Kh1 Bb6 17. Bxb6 axb6 18. Bf5 O-O-O 19. Rd1 Kc7 20. Qh4 Rhe8
21. f4 Nf8 22. Rxd8 Rxd8 23. Bg4 g6 24. Qe7+ Nd7 25. Nb5+ cxb5 26. Qd6+ Kc8 27.
Rf3 Qxf4 28. Rc3+ Qc4 29. Rxc4+ bxc4 30. Qd5 1-0

[Event "Sjakk1.no Bergen Sommer NGP 2018"]
[Site "Kulturhuset Danckert Krohn, B"]
[Date "2018.07.28"]
[Round "3"]
[White "Martinsen, Stig K"]
[Black "Bjugn, Gisle"]
[Result "1-0"]
[WhiteElo "2189"]
[BlackElo "1860"]
[PlyCount "109"]
[EventDate "2018.??.??"]

1. d4 d5 2. c4 c6 3. Nf3 Nf6 4. Qc2 dxc4 5. Qxc4 Bf5 6. g3 e6 7. Bg2 Be7 8. O-O
h6 9. e3 Nbd7 10. Qe2 Qb6 11. Nc3 Ne4 12. Nd2 Nxd2 13. Bxd2 Bg6 14. Na4 Qd8 15.
Rac1 a5 16. Rfd1 O-O 17. e4 Nf6 18. Bf4 Re8 19. f3 Bf8 20. a3 Rc8 21. Qd3 b5
22. Nc5 Nd7 23. Nb7 Qb6 24. Nd6 Bxd6 25. Bxd6 e5 26. Bh3 Rcd8 27. Qe3 exd4 28.
Qxd4 Qxd4+ 29. Rxd4 c5 30. Bxc5 Nxc5 31. Rxd8 Rxd8 32. Rxc5 Rd1+ 33. Bf1 f5 34.
exf5 Bf7 35. Kf2 Rd2+ 36. Ke3 Rxh2 37. Rxb5 a4 38. Rb8+ Kh7 39. Rb7 Kg8 40.
Rb8+ Kh7 41. Rb4 Bb3 42. Bb5 Bd1 43. Kf4 Rf2 44. Bc6 g5+ 45. fxg6+ Kxg6 46. g4
Kf6 47. Kg3 Rf1 48. Rf4+ Kg5 49. Rf5+ Kg6 50. Rf4 Rg1+ 51. Kf2 Rh1 52. Rd4 Kg5
53. Kg2 Re1 54. Kf2 Rh1 55. f4+ 1-0

[Event "Sjakk1.no Bergen Sommer NGP 2018"]
[Site "Kulturhuset Danckert Krohn, B"]
[Date "2018.07.28"]
[Round "3"]
[White "Lura, Njål"]
[Black "Frisvold, Ole Emil"]
[Result "0-1"]
[WhiteElo "1542"]
[BlackElo "2147"]
[PlyCount "60"]
[EventDate "2018.??.??"]

1. c4 Nf6 2. g3 e6 3. Bg2 d5 4. Nf3 c5 5. cxd5 exd5 6. d4 Nc6 7. O-O Bg4 8.
dxc5 Bxc5 9. a3 O-O 10. b4 Bb6 11. Bb2 Qe7 12. Nc3 Rad8 13. Na4 Bc7 14. Nc5 Bb8
15. Rc1 Rfe8 16. Re1 Ne4 17. Nd4 Bc8 18. e3 Rd6 19. Nxe4 dxe4 20. Nxc6 bxc6 21.
Qc2 Ba6 22. Bf1 Bxf1 23. Rxf1 h5 24. h4 Rg6 25. Qc3 Qxh4 26. Qxg7+ Rxg7 27.
Bxg7 Bxg3 28. fxg3 Qxg3+ 29. Kh1 Qh3+ 30. Kg1 Kxg7 0-1

[Event "Sjakk1.no Bergen Sommer NGP 2018"]
[Site "Kulturhuset Danckert Krohn, B"]
[Date "2018.07.28"]
[Round "3"]
[White "Fossan, Andreas"]
[Black "Helliesen, Lykke-Merlot"]
[Result "1-0"]
[WhiteElo "2024"]
[BlackElo "1514"]
[PlyCount "99"]
[EventDate "2018.??.??"]

1. d4 d5 2. c4 c6 3. Nc3 Nf6 4. Bg5 e6 5. cxd5 cxd5 6. e3 Nc6 7. Bd3 Be7 8. Nf3
O-O 9. Rc1 h6 10. Bh4 Bd7 11. O-O Rc8 12. Ne5 Nxe5 13. dxe5 Nh7 14. Bxe7 Qxe7
15. f4 f6 16. Qc2 f5 17. Qd2 a6 18. Ne2 g5 19. Nd4 g4 20. Qa5 Qd8 21. Qb4 Rb8
22. Qd6 Re8 23. Rc7 Bc8 24. Qb6 Bd7 25. Rfc1 Nf8 26. Qd6 Qe7 27. Qb6 Qd8 28.
R1c3 Bc8 29. Qb3 Bd7 30. Rxb7 Rxb7 31. Qxb7 a5 32. Rc7 Qh4 33. g3 Qd8 34. Bb5
Re7 35. Bxd7 Rxd7 36. Nxe6 Rxc7 37. Nxc7 Qd7 38. Qxd5+ Qxd5 39. Nxd5 Ne6 40.
Ne7+ Kf7 41. Nxf5 Kg6 42. e4 Nc5 43. Nd6 Nd3 44. f5+ Kg7 45. e6 Kf6 46. Nc4 Nc5
47. e5+ Ke7 48. Nxa5 Ke8 49. b4 Nd3 50. Nc6 1-0

[Event "Sjakk1.no Bergen Sommer NGP 2018"]
[Site "Kulturhuset Danckert Krohn, B"]
[Date "2018.07.28"]
[Round "3"]
[White "Larsen, Stig Børje"]
[Black "Johannessen, Heine N"]
[Result "1/2-1/2"]
[WhiteElo "1836"]
[BlackElo "1565"]
[PlyCount "96"]
[EventDate "2018.??.??"]

1. e4 c5 2. Nc3 Nc6 3. f4 g6 4. Nf3 Bg7 5. Bb5 Nd4 6. O-O Nxb5 7. Nxb5 Nf6 8.
e5 Nd5 9. d4 Qb6 10. Nc3 Nxc3 11. bxc3 O-O 12. Be3 d6 13. dxc5 dxc5 14. Qd5 Be6
15. Qxc5 Qxc5 16. Bxc5 Rfc8 17. Bxe7 Rxc3 18. Nd4 Rc4 19. Rad1 Rac8 20. Rf2 Bf8
21. Bxf8 Kxf8 22. Nxe6+ fxe6 23. Rd7 Rxc2 24. Rxc2 Rxc2 25. Rxb7 Rxa2 26. Rxh7
a5 27. Ra7 a4 28. h4 a3 29. Kh2 Rf2 30. Kg3 Ra2 31. Kf3 Ra1 32. Kg4 a2 33. g3
Kg8 34. Kg5 Rg1 35. Rxa2 Rxg3+ 36. Kf6 Rg4 37. Ra8+ Kh7 38. Kxe6 Rxf4 39. Ra7+
Kh6 40. Ra8 Kg7 41. Ra7+ Kg8 42. Rb7 Rxh4 43. Kf6 Rf4+ 44. Kxg6 Kf8 45. e6 Ke8
46. Rf7 Rg4+ 47. Kf6 Rf4+ 48. Kg7 Rg4+ 1/2-1/2

[Event "Sjakk1.no Bergen Sommer NGP 2018"]
[Site "Kulturhuset Danckert Krohn, B"]
[Date "2018.07.28"]
[Round "3"]
[White "Murugesh, Niran-Jan"]
[Black "Dyrhovden, Sigve"]
[Result "0-1"]
[WhiteElo "1568"]
[BlackElo "1819"]
[PlyCount "42"]
[EventDate "2018.??.??"]

1. e4 d5 2. exd5 Qxd5 3. d4 Nc6 4. Be3 e5 5. c4 Qa5+ 6. Nc3 exd4 7. Bxd4 Be6 8.
Be3 Nf6 9. Qc2 Bb4 10. Nge2 Bxc4 11. a3 Bxc3+ 12. Qxc3 Qxc3+ 13. bxc3 O-O 14.
g3 Bd5 15. Rg1 Ng4 16. Bc5 Rfe8 17. Rd1 Bc4 18. Rg2 Nce5 19. Rd4 Nf3+ 20. Kd1
Nxd4 21. Bxd4 Rad8 0-1

[Event "Sjakk1.no Bergen Sommer NGP 2018"]
[Site "Kulturhuset Danckert Krohn, B"]
[Date "2018.07.28"]
[Round "3"]
[White "Hestholm, Gustav"]
[Black "Drønen, Ole Reza"]
[Result "1-0"]
[WhiteElo "1589"]
[BlackElo "1743"]
[PlyCount "85"]
[EventDate "2018.??.??"]

1. e4 d6 2. d4 Nf6 3. Nc3 e5 4. dxe5 dxe5 5. Qxd8+ Kxd8 6. Nf3 Bd6 7. Bc4 Ke7
8. Bg5 c6 9. O-O-O Bc7 10. h3 Nbd7 11. Rd2 b5 12. Bxb5 cxb5 13. Nd5+ Kd8 14.
Nxf6 gxf6 15. Bxf6+ Ke8 16. Bxh8 Kf8 17. Rhd1 Ba5 18. Rxd7 Bxd7 19. Rxd7 Bb6
20. Nxe5 Bxf2 21. Rxf7+ Kg8 22. Bf6 Rf8 23. Rg7+ Kh8 24. Rg6+ Rxf6 25. Rxf6 Bd4
26. Nf7+ Kg7 27. Rf1 b4 28. e5 a5 29. e6 Bf6 30. Re1 Kf8 31. Kd2 Ke7 32. c3 h5
33. Re2 h4 34. Kc2 bxc3 35. bxc3 a4 36. Nh6 a3 37. Ng8+ Ke8 38. Nxf6+ Ke7 39.
Ng8+ Ke8 40. e7 Kf7 41. e8=Q+ Kg7 42. Re7+ Kh8 43. Qh5+ 1-0

[Event "Sjakk1.no Bergen Sommer NGP 2018"]
[Site "Kulturhuset Danckert Krohn, B"]
[Date "2018.07.28"]
[Round "3"]
[White "Sivertsen, Jarle"]
[Black "Rynning, Rune Kleiven"]
[Result "0-1"]
[WhiteElo "1596"]
[BlackElo "1550"]
[PlyCount "74"]
[EventDate "2018.??.??"]

1. f4 d5 2. Nf3 c5 3. b3 Nf6 4. g3 Nc6 5. Bg2 e6 6. d3 d4 7. O-O Nd5 8. Qe1
Ncb4 9. Qd1 Be7 10. Re1 Bf6 11. Ne5 Qc7 12. a3 Bxe5 13. axb4 Bf6 14. Bxd5 exd5
15. bxc5 Qxc5 16. Nd2 Qc3 17. Ba3 Bg4 18. Nf3 b5 19. Qd2 Kd8 20. Qxc3 dxc3 21.
Ne5 Bxe5 22. fxe5 Re8 23. Bb4 Kd7 24. Kf2 Ke6 25. Ra6+ Kxe5 26. Bxc3+ d4 27.
Bb4 Rec8 28. Bd6+ Kd5 29. e4+ dxe3+ 30. Rxe3 Rxc2+ 31. Ke1 Rxh2 32. Re5+ Kd4
33. Re4+ Kxd3 34. Rxg4 Rc8 35. Ba3 Rh1+ 36. Kf2 Rc2+ 37. Kf3 Rf1# 0-1

[Event "Sjakk1.no Bergen Sommer NGP 2018"]
[Site "Kulturhuset Danckert Krohn, B"]
[Date "2018.07.28"]
[Round "4"]
[White "Riisem, Øyvind"]
[Black "Larsen, Stig Børje"]
[Result "1-0"]
[WhiteElo "2231"]
[BlackElo "1836"]
[PlyCount "55"]
[EventDate "2018.??.??"]

1. d4 g6 2. c4 Bg7 3. Nc3 c5 4. d5 d6 5. e4 e5 6. g4 Bd7 7. Be2 Na6 8. h4 h6 9.
f4 exf4 10. Bxf4 Qe7 11. Qd2 Nf6 12. g5 Nxe4 13. Nxe4 Qxe4 14. Nf3 Nb4 15. Bxd6
Bd4 16. Kd1 O-O-O 17. Bf4 Bxb2 18. Qxb2 Ba4+ 19. Kc1 Qxf4+ 20. Qd2 Qe4 21. Rf1
Rhe8 22. a3 Nxd5 23. Bd3 Ne3 24. Bxe4 Rxd2 25. Kxd2 Nxf1+ 26. Rxf1 Rxe4 27.
gxh6 f5 28. Re1 1-0